000 01429nam a2200373 a 4500
001 4986252
003 BD-DhUL
005 20160529144809.0
008 980406s1997 ja a b 100 0 eng d
010 _a 98135562
020 _a425854017X
035 _a(CU)GLAD117872506
035 _a(CStRLIN)CUBGGLAD117872506-B
040 _aDIDB
_cDIDB
_dCU
_dDLC
_dBD-DhUL
042 _alccopycat
043 _aae-----
050 0 0 _aHC460.5
_b.E2737 1997
082 _a338.95
_bEAS
245 0 0 _aEast Asian development experience :
_beconomic system approach and its applicability /
_cedited by Toru Yanagihara, Susumu Sambommatsu.
260 _aTokyo :
_bInstitue of Developing Economies,
_c1997.
300 _axvii, 609 p. :
_bill. ;
_c24 cm.
440 0 _aI.D.E. symposium proceedings ;
_vno. 17
500 _a"Papers and proceedings of the symposium held by the Institute of Developing Economies on January 22, 1997 in Tokyo."
504 _aIncludes bibliographical references.
651 0 _aEast Asia
_xEconomic policy
_xCongresses.
651 0 _aLatin America
_xEconomic policy
_xCongresses.
651 0 _aAfrica
_xEconomic policy
_xCongresses.
700 1 _aYanagihara, Tōru,
_d1948-
700 1 _aSambommatsu, Susumu.
710 2 _aAjia Keizai Kenkyūjo (Japan)
906 _a7
_bcbc
_ccopycat
_d3
_encip
_f19
_gy-gencatlg
942 _2ddc
_cBK
955 _amd03 04-06-98; se15 05-18-98; se01 05-22-98; se05 05-23-98
999 _c71323
_d71323